000 00570nam a22002177a 4500
005 20170124110110.0
010 _aA-260069
020 _c00.00
_a0091618908
035 _aA-260069
037 _bCen Lib/Ret
040 _aDPL
_bEN
082 _aN
_bDEI
100 _aDeighton, Len
_9102362
245 _aLondon match /
_cby Len Deighton
260 _aLondon
_bHutchinson
_c1985
270 _bLondon
_a17-22 Conway street
300 _a405p.
_c21cm(Hb)
650 _aEnglish Lliterature
_9102363
650 _aEnglish novel
_914422
942 _2ddc
_cEN
_hN
_mDEI
999 _c130356
_d130356